000 01060nam a2200241Ia 4500
003 Ost
005 20260507075014.0
008 260507s9999||||xx |||||||||||||| ||und||
040 _cfsecg
041 _aara
082 _a658.785
100 _aالصيرفي، محمد
_eمؤلف
245 0 _aالتخزين السلعي /
_c محمد الصيرفي
260 _aعمان:
_bدار المناهج للنشر والتوزيع,
_c2002
300 _a204 صفحة؛
_c24 سم
490 _aسلسلة الإدارة المخزنية
520 _aالوظيفة التخزينية-الجوانب الإدارية في الوظيفة التخزينية-إجراءات التخزين-المهام الأساسية للوظيفة التخزينية-النظام الياباني في التخزين-النماذج المستخدمة في وضع الخطة المثلى للتخزين
653 _aالادارة
653 _aالتخزين
653 _aالوظائف
700 _aالعلاق، بشير
_eمؤلف ثانوي
942 _cكتاب
999 _c42189
_d42189